000 00661nam a2200205Ia 4500
005 20251020182617.0
008 200515s9999 xx 000 0 und d
082 _aSC/694.5/O28/3
110 _aOcéano
245 0 _aBiblioteca Atrium de la Carpintería : carpintería de taller y de armar (3)
260 _aBarcelona
260 _c1993
300 _a118
520 _aCarpintería de taller y de armar, hojas de puertas, hojas de ventana y balconeras, carpintería prefabricada, recubrimientos, suelos, enmaderación de cubierta, cimbras
650 _aCARPINTERIA
650 _aCIMBRAS
650 _aPISOS
650 _aRECUBRIMIENTOS
942 _cLIB
999 _c3526
_d3526